Cliquez vite (SVG) - Mort subite! - Statistiques

Statistiques générales
  • Ce quiz a été pris 572 fois
  • Le résultat moyen est 22 sur 36
Réponses sur la Carte
Les réponses sont colorées sur une échelle allant du rouge au vert en fonction du pourcentage des utilisateurs qui les ont devinées à leur premier essai. Vous pouvez retrouver ces pourcentages ci-dessous.
 
Statistiques - réponses
Réponse % Correct
Bleu clair
68%
Orange
67%
Orange
65%
Rose
65%
Rouge
65%
Vert foncé
65%
Jaune
64%
Jaune
64%
Vert clair
64%
Vert foncé
64%
Violet
64%
Bleu clair
63%
Bleu foncé
63%
Rouge
63%
Violet
63%
Bleu clair
62%
Bleu foncé
62%
Rouge
62%
Bleu foncé
61%
Rose
61%
Vert clair
61%
Vert foncé
61%
Violet
61%
Bleu foncé
60%
Orange
60%
Rose
60%
Vert clair
60%
Rose
59%
Rouge
59%
Vert foncé
59%
Bleu clair
58%
Jaune
58%
Orange
58%
Vert clair
58%
Jaune
57%
Violet
57%
Aucun quiz correspondant
Distribution des résultats
% des personnes avec chaque résultat
Percentile par nombre de réponses
Votre historique - résultats
Vous n’avez pas pris ce quiz